|
|
|
|
| LEADER |
00000nam0a2200000 4500 |
| 001 |
117065 |
| 005 |
20231101215355.0 |
| 010 |
|
|
|a 5769532742
|
| 035 |
|
|
|a (RuTPU)RU\TPU\book\126689
|
| 090 |
|
|
|a 117065
|
| 100 |
|
|
|a 20070530d2006 m y0rusy50 ca
|
| 101 |
0 |
|
|a rus
|
| 102 |
|
|
|a RU
|
| 105 |
|
|
|a a j 001zy
|
| 200 |
1 |
|
|a Энергосиловое оборудование промышленных предприятий
|e учебное пособие для вузов
|f Г. Ф. Быстрицкий
|
| 205 |
|
|
|a 3-е изд., стер.
|
| 210 |
|
|
|a Москва
|c Академия
|d 2006
|
| 215 |
|
|
|a 304 с.
|c ил.
|
| 225 |
1 |
|
|a Высшее профессиональное образование
|
| 320 |
|
|
|a Список литературы: с. 301-302.
|
| 330 |
|
|
|a Изложены основные положения технической термодинамики и теории теплообмена, рассмотрены циклы тепловых машин и установок, а также устройство, принцип работы и характеристики котельных агрегатов и нагнетательных машин, представлены сведения о теплообменных аппаратах, характеристиках и методах сжигания различных видов топлива. Для студентов вузов и учреждений среднего профессионального образования электротехнических специальностей. Может быть полезно работникам промышленности, занимающимся эксплуатацией энергосилового оборудования.
|
| 451 |
|
1 |
|0 (RuTPU)RU\TPU\book\159403
|y 978-5-7695-5111-6
|t Энергосиловое оборудование промышленных предприятий
|o учебное пособие для вузов
|f Г. Ф. Быстрицкий
|e 4-е изд., стер.
|c М.
|n Академия
|d 2008
|p 304 с.
|a Быстрицкий, Геннадий Федорович
|
| 451 |
|
1 |
|0 (RuTPU)RU\TPU\book\69729
|y 5-7695-1169-9
|t Энергосиловое оборудование промышленных предприятий
|o учебное пособие
|f Г. Ф. Быстрицкий
|c М.
|n Академия
|d 2003
|p 304 с.
|s Высшее профессиональное образование
|a Быстрицкий, Геннадий Федорович
|
| 606 |
1 |
|
|a Промышленные предприятия
|x Энергетическое оборудование
|2 stltpush
|3 (RuTPU)RU\TPU\subj\52740
|9 71143
|
| 606 |
1 |
|
|a Промышленная теплоэнергетика
|2 stltpush
|3 (RuTPU)RU\TPU\subj\52248
|
| 610 |
1 |
|
|a энергосиловое оборудование
|
| 610 |
1 |
|
|a теплотехника
|
| 610 |
1 |
|
|a техническая термодинамика
|
| 610 |
1 |
|
|a тепловые машины
|
| 610 |
1 |
|
|a циклы
|
| 610 |
1 |
|
|a теплообмен
|
| 610 |
1 |
|
|a тепловое оборудование
|
| 610 |
1 |
|
|a теплообменные аппараты
|
| 610 |
1 |
|
|a топливо
|
| 610 |
1 |
|
|a сжигание
|
| 610 |
1 |
|
|a котельные установки
|
| 610 |
1 |
|
|a нагнетательные машины
|
| 610 |
1 |
|
|a центробежные машины
|
| 610 |
1 |
|
|a учебные пособия
|
| 675 |
|
|
|a 658.26(075.32)
|v 3
|
| 675 |
|
|
|a 658.264(075.32)
|v 3
|
| 700 |
|
1 |
|a Быстрицкий
|b Г. Ф.
|g Геннадий Федорович
|
| 801 |
|
1 |
|a RU
|b 63413507
|c 20070530
|g PSBO
|
| 801 |
|
2 |
|a RU
|b 63413507
|c 20210601
|g PSBO
|
| 900 |
|
|
|a Техническая термодинамика
|
| 900 |
|
|
|a Техническая термодинамика и энерготехнология
|
| 900 |
|
|
|a Промышленная теплотехника
|
| 942 |
|
|
|c BK
|
| 951 |
|
|
|b 140610
|b 140600
|
| 952 |
|
|
|b 140000
|b 140100
|b 140200
|b 140600
|
| 959 |
|
|
|a 46/20070529
|d 5
|e 340,00
|f АНЛ:1
|f ЧЗТЛ:1
|f УФ:3
|